00558cam a22002051 4500001001300000003000400013005001700017008004100034010001700075035002000092040001800112042001200130050001700142100002100159245003200180260005900212300003000271600003600301999001500337af 47004660 DLC20260227110827.0890330s1945 fr 000 0 fre  aaf 47004660  a(OCoLC)23412547 aDLCcMiUdDLC apremarc00aPG3328b.D651 aDournes, Pierre.10aComment lire Dostoïevski. aParis,bÉditions "Aux étudiants de France"c[1945] a2 p.l., [7]-88 p.c18 cm.10aDostoyevsky, Fyodor,d1821-1881 c2735d2735